| 000 | 00380 a2200133 4500 | ||
|---|---|---|---|
| 005 | 20250610075714.0 | ||
| 020 | _a978-0-07-319555-1 | ||
| 082 | _a657.0258 HUR | ||
| 100 | _aHURT,R. | ||
| 245 | _aAccounting Information System: basic concepts and current issues | ||
| 260 |
_aNew York _bMc Graw Hill, _c2008 |
||
| 300 |
_axx,343p.; ill, table, picture _bIndex _c25cm |
||
| 942 |
_2ddc _cBKS |
||
| 999 |
_c3379 _d3379 |
||